<?xml version="1.0" encoding="UTF-8"?>
<record
    xmlns:xsi="http://www.w3.org/2001/XMLSchema-instance"
    xsi:schemaLocation="http://www.loc.gov/MARC21/slim http://www.loc.gov/standards/marcxml/schema/MARC21slim.xsd"
    xmlns="http://www.loc.gov/MARC21/slim">

  <leader>02260cam a2200409 a 4500</leader>
  <controlfield tag="005">20181210120706.0</controlfield>
  <controlfield tag="008">970911s1995    ag a     b    000 0 spa</controlfield>
  <datafield tag="020" ind1=" " ind2=" ">
    <subfield code="a">9502305981</subfield>
  </datafield>
  <datafield tag="040" ind1=" " ind2=" ">
    <subfield code="a">AR-MoUNM</subfield>
  </datafield>
  <datafield tag="082" ind1="0" ind2=" ">
    <subfield code="2">20</subfield>
    <subfield code="a">301</subfield>
    <subfield code="b">LIS 769</subfield>
  </datafield>
  <datafield tag="245" ind1="0" ind2="0">
    <subfield code="a">Antropolog&#xED;a /</subfield>
    <subfield code="c">compilaci&#xF3;n, Mirtha Lischetti.</subfield>
  </datafield>
  <datafield tag="250" ind1=" " ind2=" ">
    <subfield code="a">2a ed.</subfield>
  </datafield>
  <datafield tag="260" ind1=" " ind2=" ">
    <subfield code="a">Buenos Aires :</subfield>
    <subfield code="b">Editorial Universitaria de Buenos Aires,</subfield>
    <subfield code="c">1995.</subfield>
  </datafield>
  <datafield tag="300" ind1=" " ind2=" ">
    <subfield code="a">414 p. :</subfield>
    <subfield code="b">il. ;</subfield>
    <subfield code="c">24 cm.</subfield>
  </datafield>
  <datafield tag="504" ind1=" " ind2=" ">
    <subfield code="a">Incluye referencias bibiogr&#xE1;ficas y notas al final de cada cap&#xED;tulo, e &#xED;ndice.</subfield>
  </datafield>
  <datafield tag="505" ind1="0" ind2=" ">
    <subfield code="t">La antropolog&#xED;a como disciplina cient&#xED;fica /</subfield>
    <subfield code="r">Mirtha Lischetti.</subfield>
    <subfield code="g">p. 9-66.</subfield>
  </datafield>
  <datafield tag="505" ind1="0" ind2=" ">
    <subfield code="t">Principales corrientes te&#xF3;ricas en antropolog&#xED;a</subfield>
  </datafield>
  <datafield tag="505" ind1="0" ind2=" ">
    <subfield code="t">Introducci&#xF3;n /</subfield>
    <subfield code="r">E. Gurevich.</subfield>
    <subfield code="g">p. 67-72.</subfield>
  </datafield>
  <datafield tag="505" ind1="0" ind2=" ">
    <subfield code="t">El siglo de las luces : el dieciocho /</subfield>
    <subfield code="r">M. Tacca.</subfield>
    <subfield code="g">p. 73-84.</subfield>
  </datafield>
  <datafield tag="505" ind1="0" ind2=" ">
    <subfield code="t">El siglo XIX : orden y progreso /</subfield>
    <subfield code="r">M. Tacca.</subfield>
    <subfield code="g">p. 87-105.</subfield>
  </datafield>
  <datafield tag="505" ind1="0" ind2=" ">
    <subfield code="t">Materialismo hist&#xF3;rico /</subfield>
    <subfield code="r">M. F. Hughes ; M. Tacca.</subfield>
    <subfield code="g">p. 107-120.</subfield>
  </datafield>
  <datafield tag="505" ind1="0" ind2=" ">
    <subfield code="t">Antropolog&#xED;a social inglesa : la teor&#xED;a funcionalista /</subfield>
    <subfield code="r">L. Sinisi.</subfield>
    <subfield code="g">p. 123-137.</subfield>
  </datafield>
  <datafield tag="505" ind1="0" ind2=" ">
    <subfield code="t">El particularismo hist&#xF3;rico /</subfield>
    <subfield code="r">Claudia E. Hern&#xE1;ndez Soriano ; Mar&#xED;a Josefina Mart&#xED;nez.</subfield>
    <subfield code="g">p. 139-152.</subfield>
  </datafield>
  <datafield tag="505" ind1="0" ind2=" ">
    <subfield code="t">Estructuralismo /</subfield>
    <subfield code="r">Estela D. Gurevich ; Susana J&#xE1;uregui ; Laly Longobardi.</subfield>
    <subfield code="g">p. 153-165.</subfield>
  </datafield>
  <datafield tag="505" ind1="0" ind2=" ">
    <subfield code="t">Teor&#xED;as contempor&#xE1;neas en antropolog&#xED;a /</subfield>
    <subfield code="r">Liliana Sinisi.</subfield>
    <subfield code="g">p. 169-179.</subfield>
  </datafield>
  <datafield tag="505" ind1="0" ind2=" ">
    <subfield code="t">Procesos de conformaci&#xF3;n de la identidad &#xE9;tnica en Am&#xE9;rica Latina /</subfield>
    <subfield code="r">N. Fraguas ; P. Monsalve.</subfield>
    <subfield code="g">p. 181-206.</subfield>
  </datafield>
  <datafield tag="505" ind1="0" ind2=" ">
    <subfield code="t">Naturaleza y cultura</subfield>
  </datafield>
  <datafield tag="505" ind1="0" ind2=" ">
    <subfield code="t">Naturaleza y cultura /</subfield>
    <subfield code="r">Mirtha Lischetti.</subfield>
    <subfield code="g">p. 209-232.</subfield>
  </datafield>
  <datafield tag="505" ind1="0" ind2=" ">
    <subfield code="t">La sociobiolog&#xED;a /</subfield>
    <subfield code="r">Mar&#xED;a Cristina Chiriguini.</subfield>
    <subfield code="g">p. 233-252.</subfield>
  </datafield>
  <datafield tag="505" ind1="0" ind2=" ">
    <subfield code="t">Violencia y sociedad en el fin de siglo /</subfield>
    <subfield code="r">Patricia Monsalve.</subfield>
    <subfield code="g">p. 253-262.</subfield>
  </datafield>
  <datafield tag="505" ind1="0" ind2=" ">
    <subfield code="t">El proceso de hominizaci&#xF3;n. Aspectos biol&#xF3;gicos y culturales /</subfield>
    <subfield code="r">A. Tapia ; L. Pinotti ; E. Icasate.</subfield>
    <subfield code="g">p. 263-328.</subfield>
  </datafield>
  <datafield tag="505" ind1="0" ind2=" ">
    <subfield code="t">Poder, racismo y exclusi&#xF3;n /</subfield>
    <subfield code="r">Liliana Mazettelle ; Horacio Sabarots.</subfield>
    <subfield code="g">p. 327-380.</subfield>
  </datafield>
  <datafield tag="505" ind1="0" ind2=" ">
    <subfield code="t">Crisis y vigencia de un concepto : la cultura en la &#xF3;ptica de la antropolog&#xED;a /</subfield>
    <subfield code="r">Mar&#xED;a Rosa Neufeld.</subfield>
    <subfield code="g">p. 381-407.</subfield>
  </datafield>
  <datafield tag="650" ind1=" " ind2="7">
    <subfield code="a">ANTROPOLOGIA</subfield>
    <subfield code="9">65</subfield>
    <subfield code="2">unescot</subfield>
  </datafield>
  <datafield tag="700" ind1="1" ind2=" ">
    <subfield code="9">66</subfield>
    <subfield code="a">Lischetti, Mirtha.</subfield>
    <subfield code="e">comp.</subfield>
  </datafield>
  <datafield tag="942" ind1=" " ind2=" ">
    <subfield code="c">LIBRO</subfield>
  </datafield>
  <datafield tag="999" ind1=" " ind2=" ">
    <subfield code="c">26</subfield>
    <subfield code="d">26</subfield>
  </datafield>
  <datafield tag="952" ind1=" " ind2=" ">
    <subfield code="0">0</subfield>
    <subfield code="1">0</subfield>
    <subfield code="4">0</subfield>
    <subfield code="7">0</subfield>
    <subfield code="a">UNM</subfield>
    <subfield code="b">UNM</subfield>
    <subfield code="d">2015-06-03</subfield>
    <subfield code="e">2015-1&#xB0; semestre. Exclusividades</subfield>
    <subfield code="i">12115</subfield>
    <subfield code="l">2</subfield>
    <subfield code="m">1</subfield>
    <subfield code="o">301 ANTR 636</subfield>
    <subfield code="p">12115</subfield>
    <subfield code="r">2017-05-17 00:00:00</subfield>
    <subfield code="s">2017-05-12</subfield>
    <subfield code="t">Ej.C</subfield>
    <subfield code="w">2015-06-03</subfield>
    <subfield code="y">LIBRO</subfield>
  </datafield>
  <datafield tag="952" ind1=" " ind2=" ">
    <subfield code="0">0</subfield>
    <subfield code="1">0</subfield>
    <subfield code="4">0</subfield>
    <subfield code="7">0</subfield>
    <subfield code="a">UNM</subfield>
    <subfield code="b">UNM</subfield>
    <subfield code="d">2015-06-03</subfield>
    <subfield code="e">2015-1&#xB0; semestre. Exclusividades</subfield>
    <subfield code="i">12116</subfield>
    <subfield code="l">0</subfield>
    <subfield code="o">301 ANTR 636</subfield>
    <subfield code="p">12116</subfield>
    <subfield code="r">2015-06-03 00:00:00</subfield>
    <subfield code="t">Ej.1</subfield>
    <subfield code="w">2015-06-03</subfield>
    <subfield code="y">LIBRO</subfield>
  </datafield>
  <datafield tag="952" ind1=" " ind2=" ">
    <subfield code="0">0</subfield>
    <subfield code="1">0</subfield>
    <subfield code="4">0</subfield>
    <subfield code="7">0</subfield>
    <subfield code="a">UNM</subfield>
    <subfield code="b">UNM</subfield>
    <subfield code="d">2015-06-03</subfield>
    <subfield code="e">2015-1&#xB0; semestre. Exclusividades</subfield>
    <subfield code="i">12117</subfield>
    <subfield code="l">2</subfield>
    <subfield code="m">5</subfield>
    <subfield code="o">301 ANTR 636</subfield>
    <subfield code="p">12117</subfield>
    <subfield code="r">2019-10-03 00:00:00</subfield>
    <subfield code="s">2019-08-12</subfield>
    <subfield code="t">Ej.2</subfield>
    <subfield code="w">2015-06-03</subfield>
    <subfield code="y">LIBRO</subfield>
  </datafield>
  <datafield tag="952" ind1=" " ind2=" ">
    <subfield code="0">0</subfield>
    <subfield code="1">0</subfield>
    <subfield code="4">0</subfield>
    <subfield code="7">0</subfield>
    <subfield code="a">UNM</subfield>
    <subfield code="b">UNM</subfield>
    <subfield code="d">2015-06-03</subfield>
    <subfield code="e">2015-1&#xB0; semestre. Exclusividades</subfield>
    <subfield code="i">12118</subfield>
    <subfield code="l">5</subfield>
    <subfield code="m">9</subfield>
    <subfield code="o">301 ANTR 636</subfield>
    <subfield code="p">12118</subfield>
    <subfield code="r">2024-07-23 00:00:00</subfield>
    <subfield code="s">2024-07-03</subfield>
    <subfield code="t">Ej.3</subfield>
    <subfield code="w">2015-06-03</subfield>
    <subfield code="y">LIBRO</subfield>
  </datafield>
  <datafield tag="952" ind1=" " ind2=" ">
    <subfield code="0">0</subfield>
    <subfield code="1">0</subfield>
    <subfield code="4">0</subfield>
    <subfield code="7">0</subfield>
    <subfield code="a">UNM</subfield>
    <subfield code="b">UNM</subfield>
    <subfield code="d">2015-06-03</subfield>
    <subfield code="e">2015-1&#xB0; semestre. Exclusividades</subfield>
    <subfield code="i">12119</subfield>
    <subfield code="l">2</subfield>
    <subfield code="o">301 ANTR 636</subfield>
    <subfield code="p">12119</subfield>
    <subfield code="r">2019-04-29 00:00:00</subfield>
    <subfield code="s">2019-04-24</subfield>
    <subfield code="t">Ej.4</subfield>
    <subfield code="w">2015-06-03</subfield>
    <subfield code="y">LIBRO</subfield>
  </datafield>
</record>
